| 000 | 00522nam a2200169 a 4500 | ||
|---|---|---|---|
| 001 | 000020165 | ||
| 005 | 20200929170308.0 | ||
| 008 | 100726s1954 mx 000 0 spa d | ||
| 040 |
_aDO-SdBNP _bspa _cBNPHU |
||
| 082 |
_axxx _bZ95i |
||
| 100 | 1 |
_aZun Felde, Alberto _942759 |
|
| 245 | 1 | 0 |
_aÍndice crítico de la literatura hispanoamericana : _blos ensayistas / _cAlberto Zun Felde. |
| 260 |
_aMéxico : _bGuarinia, _c1954. |
||
| 300 |
_a606 p. ; _c25 cm. |
||
| 500 | _aIncluye notas al pie de las páginas | ||
| 049 | _aBNPD | ||
| 999 |
_c19672 _d19672 |
||